=LDR 00000nam 2200000 4500 =001 INLIS000000000018074 =005 20200824113244 =035 ##$$a 0010-061300000018074 =008 200824################g##########0#ind## =041 ##$$a Ind =082 ##$$a 2x6.3 =090 ##$$a 2x6.3, Tri a =100 ##$$a Triyuwono, Iwan =245 1#$$a Akuntansi syari'ah : $b Memformulasikan konsep laba dalam konteks mutafara zakat /$c Iwan Triyuwono, Moh. As'udi =260 ##$$a Jakarta :$b Salemba Empat,$c 2001 =300 ##$$a xii, 101 hlm, ; $c 26 x 21 cm. =650 #4$$a Islam-Akuntansi =850 ##$$a NBPNMAT =084 ##$$a 2x6.3 TRI a =700 #$$a As'udi, Moh. =990 ##$$a 20603372 =990 ##$$a 20603373 =990 ##$$a 20603374 =990 ##$$a 20603375 =990 ##$$a 20703826 =990 ##$$a 20703827 =990 ##$$a 20703828 =990 ##$$a 20603376